Kanye West - Late Registration - Song to Lyrics - Statistics

General Stats
  • This quiz has been taken 90 times
  • The average score is 10 of 20
Answer Stats
Hint Answer % Correct
Throw your diamonds in the sky if you feel the vibe Diamonds From Sierra Leone
89%
Nothing's ever promised tomorrow today Heard 'Em Say
79%
You never know, homie, might meet some hoes, homie Drive Slow
74%
The doors was closed, I felt like Bad Boy's street team Touch the Sky
74%
Why's everything that suppose to be bad make me feel so good? Addiction
70%
Yeah, She's a triflin' friend indeed Gold Digger
68%
You don't see that we hurt? But still Roses
67%
I wanna tell the whole world about a friend of mine Hey Mama
65%
First line; should it be about the hoes or the ice? We Major
60%
You mean I missed my major by a couple of seconds? Late
51%
Oh, ho-ho-ho! I knew I was gon' see, I knew I was gon' see you again Wake Up Mr. West
49%
I brought you brothers here to start our own fraternity Skit No. 1
47%
Sometimes I feel that music is the only medicine Crack Music
44%
I've called this private meeting today because there is a imposter among us Skit No. 4
39%
And I vow that my child will be well endowed, like his daddy Celebration
37%
Take 'em to the show and talk all through the movies Gone
32%
Rubberband together in cashless bundles My Way Home
30%
Don't spend no money, ain't got no clothes Skit No. 2
30%
But they gon' have to take my life 'fore they take my drive Bring Me Down
28%
This was founded years ago, by broke slaves Skit No. 3
18%
No matching quizzes found
Score Distribution
Percent of People with Each Score
Percentile by Number Answered
Your Score History
You have not taken this quiz